000 00293nam a22001337a 4500
008 170406b xxu||||| |||| 00| 0 eng d
020 _a07167044897
041 _aeng
080 _a575
100 _a9
101 _aSHM
245 _aIMUNOLOGY AGING AND CANCER
_cBURNET.F.M
942 _2udc
_cBK
999 _c9938
_d9938